000 02090nam a2200433 a 4500
001 ebr10227050
003 CaPaEBR
006 m u
007 cr cn|||||||||
008 070221r20082007pau sb 001 0 eng
010 _z 2007006357
015 _aGBA762227
_2bnb
016 7 _z013811399
_2Uk
020 _z9781592135844 (cloth : alk. paper)
020 _z1592135846 (cloth : alk. paper)
040 _aCaPaEBR
_cCaPaEBR
035 _a(OCoLC)646743370
043 _an-us---
050 1 4 _aE184.A75
_bS66 2008eb
082 0 4 _a305.895/1073001
_222
100 1 _aSo, Christine,
_d1967-
245 1 0 _aEconomic citizens
_h[electronic resource] :
_ba narrative of Asian American visibility /
_cChristine So.
260 _aPhiladelphia :
_bTemple University Press,
_cc2008.
300 _ax, 178 p.
504 _aIncludes bibliographical references (p. [163]-169) and index.
505 0 _aThe promise of exchange : production, circulation, and consumption within Chinatown ethnographies -- The universality of exchange : Japanese American travel narratives and the emergence of the global citizen -- The embodiment of exchange : Asian mail-order brides, the threat of global capitalism, and the rescue of the U.S. nation-state -- The logic of exchange : ordering the chaos of twentieth-century Chinese women's history.
533 _aElectronic reproduction.
_bPalo Alto, Calif. :
_cebrary,
_d2013.
_nAvailable via World Wide Web.
_nAccess may be limited to ebrary affiliated libraries.
650 0 _aAsian Americans
_xEconomic conditions.
650 0 _aExchange
_zUnited States.
650 0 _aSocial exchange.
650 0 _aGlobalization
_xSocial aspects
_zUnited States.
650 0 _aAsian Americans
_xEthnic identity.
650 0 _aAsian Americans
_xHistoriography.
650 0 _aAsian Americans in literature.
651 0 _aUnited States
_xEthnic relations.
655 7 _aElectronic books.
_2local
710 2 _aebrary, Inc.
856 4 0 _uhttp://site.ebrary.com/lib/rucke/Doc?id=10227050
_zAn electronic book accessible through the World Wide Web; click to view
999 _c41171
_d41171